| 000 | 02031nam a22002657a 4500 | ||
|---|---|---|---|
| 003 | Uzh_bibl | ||
| 008 | 260428b |||||||| |||| 00| 0 ukr d | ||
| 020 |
_a978-617-09-2927-3 _c111.56 |
||
| 040 | _bукр. | ||
| 041 |
_2ukr _aukr |
||
| 080 | _a821.161.2 | ||
| 090 |
_a821.161.2 _bК 64 |
||
| 100 | _aКононович, Леонід | ||
| 245 |
_aЧигиринський сотник _hТекст |
||
| 260 |
_aХарків _b"Ранок" "Фабула" _c2016 |
||
| 300 |
_a528 с. _fВ опр. |
||
| 490 | _aСерія "Сучасна проза України" | ||
| 520 | _aЛеоніда Кононовича звикли вважати основоположником кримінального жанру в українській літературі, але його новий роман «Чигиринський сотник» - щось зовсім інше. Це гостросюжетна оповідь про маленького козака, що немов зринув із надр стародавньої легенди, безтурботного мандрівника в нетрях язичницької демонології, і в той самий час - теперішній лицарський роман, «козацьке фентезі», де національна традиція перегукується із чужоземними містичними практиками, а чудове багатство мови сполучається з бойовою динамікою історичної саги. Це по-справжньому екстремальне читання, несподіваний і гострий погляд на наше минуле й «український мир». | ||
| 521 | _aДля широкого кола читачів | ||
| 546 | _aукр. | ||
| 650 | _aЛітературно - художнє видання | ||
| 653 |
_aКозак _aІсторія |
||
| 655 |
_aФентезі _vРоман |
||
| 942 |
_2udc _cBK |
||
| 999 |
_c17540 _d17540 |
||